[Event "GER-ch (Women)"]
[Site "Ostfildern"]
[Date "2023.08.20"]
[Round "9"]
[White "Bardorz, Jana"]
[Black "Von Herman, Brigitte"]
[Result "1/2-1/2"]
[WhiteElo "2057"]
[BlackElo "1898"]
[PlyCount "88"]
[EventDate "2023.08.14"]
[EventType "swiss"]
[EventRounds "9"]
[EventCountry "GER"]
[SourceTitle "CBM 215 Extra"]
[Source "ChessBase"]
[SourceDate "2023.09.30"]
[SourceVersion "1"]
[SourceVersionDate "2023.09.30"]
[SourceQuality "1"]

1. e4 e5 2. Nf3 Nc6 3. Bc4 Nf6 4. d3 Bc5 5. c3 d6 6. 0-0 a5 7. Re1 Ba7 8. Nbd2 0-0 9. a4 Ng4 10. Re2 Kh8 11. h3 f5 12. Nf1 Nh6 13. exf5 Bxf5 14. Re1 Qf6 15. Bg5 Qg6 16. Ng3 Rae8 17. Be3 Bxe3 18. Rxe3 Bd7 19. Qe2 Rf4 20. Re4 Ref8 21. Re3 Ne7 22. d4 Bc6 23. dxe5 Bxf3 24. Rxf3 Rxf3 25. gxf3 Nhf5 26. exd6 Nxg3 27. fxg3 Qxg3+ 28. Qg2 Qxd6 29. Re1 Ng6 30. Re4 Qf6 31. Qg3 Qb6+ 32. Qf2 Qf6 33. Qg3 Nf4 34. Kh2 g5 35. Rd4 Rd8 36. Rxd8+ Qxd8 37. Qe1 Ng6 38. Qe6 Qd6+ 39. Qxd6 cxd6 40. Kg3 Kg7 41. Bd5 b6 42. Be4 Nf4 43. h4 h6 44. hxg5 hxg5 1/2-1/2

[Event "GER-ch Blitz (Women)"]
[Site "Viernheim"]
[Date "2023.07.15"]
[Round "1"]
[White "Von Herman, Brigitte"]
[Black "Ley, Sabrina"]
[Result "0-1"]
[WhiteElo "1911"]
[BlackElo "1838"]
[PlyCount "86"]
[EventDate "2023.07.15"]
[EventType "tourn (blitz)"]
[EventRounds "27"]
[EventCountry "GER"]
[SourceTitle "CBM 215 Extra"]
[Source "ChessBase"]
[SourceDate "2023.09.30"]
[SourceVersion "1"]
[SourceVersionDate "2023.09.30"]
[SourceQuality "1"]

1. e4 d5 2. exd5 Qxd5 3. Nc3 Qd6 4. d4 Nf6 5. Nge2 e6 6. Bf4 Qd8 7. g3 Bd7 8. Bg2 Bc6 9. f3 Nbd7 10. 0-0 Nb6 11. Qd2 Be7 12. Rad1 0-0 13. a3 Nfd5 14. Nxd5 Nxd5 15. c4 Nxf4 16. Qxf4 b6 17. h4 Bd6 18. Qe3 Qe7 19. b4 Qf6 20. f4 Bxg2 21. Kxg2 Rfd8 22. Nc3 a5 23. c5 Be7 24. Rfe1 axb4 25. axb4 Ra3 26. Qd2 Rda8 27. Ne4 Qg6 28. Re3 Ra2 29. Kf3 Rxd2 30. Rxd2 Bf6 31. d5 exd5 32. Rxd5 h6 33. Rd7 bxc5 34. bxc5 c6 35. Rd6 Qh5+ 36. Kg2 Ra2+ 37. Nf2 g5 38. fxg5 hxg5 39. hxg5 Bxg5 40. Rf3 Kg7 41. Rxc6 Qg4 42. Rc7 Qc4 43. c6 Qd5 0-1

[Event "GER-ch Blitz (Women)"]
[Site "Viernheim"]
[Date "2023.07.15"]
[Round "3"]
[White "Von Herman, Brigitte"]
[Black "Stangl, Anita"]
[Result "0-1"]
[WhiteElo "1911"]
[BlackElo "2037"]
[PlyCount "80"]
[EventDate "2023.07.15"]
[EventType "tourn (blitz)"]
[EventRounds "27"]
[EventCountry "GER"]
[SourceTitle "CBM 215 Extra"]
[Source "ChessBase"]
[SourceDate "2023.09.30"]
[SourceVersion "1"]
[SourceVersionDate "2023.09.30"]
[SourceQuality "1"]

1. e4 e6 2. d4 d5 3. Nc3 Nf6 4. exd5 exd5 5. Bg5 Bb4 6. Bd3 Nc6 7. Nge2 h6 8. Bh4 Bg4 9. f3 Be6 10. a3 Be7 11. Qd2 Qd7 12. 0-0-0 0-0-0 13. Kb1 Rhe8 14. g4 Kb8 15. Bg3 Na5 16. Nf4 Bd6 17. Nxe6 fxe6 18. Nxd5 Bxg3 19. Nxf6 gxf6 20. Qxa5 Bf4 21. c3 Rg8 22. h3 Rg5 23. Qb4 a5 24. Qb3 f5 25. Rhe1 fxg4 26. fxg4 e5 27. Bf5 Qc6 28. d5 Qa6 29. c4 Rgg8 30. Qc2 Rgf8 31. c5 Rf6 32. Rd3 Re8 33. Be4 b6 34. Rb3 Ka7 35. c6 Rd8 36. Rg1 Bg5 37. Rg2 Rdf8 38. Ka2 Rf1 39. Rd3 Rc1 40. Qb3 Rff1 0-1

[Event "Oberliga Nord O 2122"]
[Site "Germany"]
[Date "2021.12.12"]
[Round "3.8"]
[White "Sroczynski, Maciej"]
[Black "Von Herman, Brigitte"]
[Result "1/2-1/2"]
[WhiteElo "2269"]
[BlackElo "1921"]
[PlyCount "118"]
[EventDate "2021.10.31"]
[EventType "team-tourn"]
[EventRounds "9"]
[EventCountry "GER"]
[SourceTitle "EXT 2023"]
[Source "ChessBase"]
[SourceDate "2022.10.05"]
[SourceVersion "1"]
[SourceVersionDate "2022.10.05"]
[SourceQuality "1"]
[WhiteTeam "Glueck Auf Ruedersdorf"]
[BlackTeam "Koenig Tegel II"]
[WhiteTeamCountry "GER"]
[BlackTeamCountry "GER"]

1. d4 d5 2. Nf3 Nc6 3. Bf4 Bf5 4. c4 e6 5. Nc3 Bd6 6. Bg3 Bxg3 7. hxg3 Nge7 8. e3 a6 9. Be2 h6 10. a3 Bh7 11. b4 dxc4 12. Bxc4 Nd5 13. Ne2 0-0 14. Bd3 Nf6 15. Bxh7+ Nxh7 16. 0-0 Nf6 17. Nf4 Re8 18. Nd3 Rb8 19. Qc2 Ne7 20. Rfd1 c6 21. Nc5 Nd7 22. Rd3 Qc7 23. e4 Nxc5 24. dxc5 Rbd8 25. Rad1 Ng6 26. Rd6 Nf8 27. Ne5 f6 28. Nc4 e5 29. Qd3 Rb8 30. Nb6 Qf7 31. Nd7 Nxd7 32. Rxd7 Re7 33. Rd6 Rbe8 34. a4 Rc8 35. Qc2 Qe8 36. R1d2 Qf7 37. Qd3 Rce8 38. Qc2 Rc8 39. Qd1 Rce8 40. Qg4 Rf8 41. Rd7 Rfe8 42. Rxe7 Rxe7 43. Rd8+ Re8 44. Rd6 Re7 45. Qc8+ Kh7 46. Rd8 g6 47. Rf8 Qg7 48. g4 Rc7 49. Qe8 Re7 50. Qb8 Rf7 51. Rc8 Rd7 52. g3 Re7 53. Kg2 Rd7 54. Rf8 Rf7 55. Re8 Re7 56. Rc8 Rd7 57. Kh3 Re7 58. Kh2 Rd7 59. Kg2 Re7 1/2-1/2

[Event "EU-ch (Women) 21st"]
[Site "Iasi"]
[Date "2021.08.20"]
[Round "11"]
[White "Von Herman, Brigitte"]
[Black "Trifoi, Mihaela Ioana"]
[Result "1/2-1/2"]
[WhiteElo "1991"]
[BlackElo "1807"]
[PlyCount "68"]
[EventDate "2021.08.09"]
[EventType "swiss"]
[EventRounds "11"]
[EventCountry "ROU"]
[SourceTitle "CBM 203 Extra"]
[Source "ChessBase"]
[SourceDate "2021.09.30"]
[SourceVersion "1"]
[SourceVersionDate "2021.09.30"]
[SourceQuality "1"]

1. e4 c6 2. d4 d5 3. exd5 cxd5 4. Bd3 Nf6 5. h3 Nc6 6. c3 Qc7 7. Nf3 g6 8. 0-0 Bf5 9. Be2 Bg7 10. Be3 0-0 11. Nbd2 a6 12. Re1 b5 13. Nb3 Ne4 14. Nfd2 b4 15. Nxe4 Bxe4 16. Nc5 bxc3 17. bxc3 Bf5 18. Nxa6 Qa5 19. Qd2 Rxa6 20. Bxa6 Qxa6 21. Bf4 e6 22. Rad1 f6 23. g4 Be4 24. c4 Qxc4 25. Rc1 Qa4 26. Be3 Nb4 27. Rc7 g5 28. Rec1 Nxa2 29. Ra1 Ra8 30. Rb7 Bc2 31. Rc7 Bg6 32. Rb7 Bc2 33. Rc7 Bg6 34. Rb7 Bc2 1/2-1/2

[Event "EU-ch (Women) 21st"]
[Site "Iasi"]
[Date "2021.08.12"]
[Round "4"]
[White "Sedina, Elena"]
[Black "Von Herman, Brigitte"]
[Result "1-0"]
[WhiteElo "2279"]
[BlackElo "1991"]
[PlyCount "95"]
[EventDate "2021.08.09"]
[EventType "swiss"]
[EventRounds "11"]
[EventCountry "ROU"]
[SourceTitle "CBM 203 Extra"]
[Source "ChessBase"]
[SourceDate "2021.09.30"]
[SourceVersion "1"]
[SourceVersionDate "2021.09.30"]
[SourceQuality "1"]

1. e4 e5 2. Nf3 Nc6 3. Bc4 Nf6 4. d3 Bc5 5. 0-0 d6 6. c3 a6 7. a4 0-0 8. Re1 Ba7 9. h3 h6 10. Nbd2 Re8 11. b4 Be6 12. Bxe6 Rxe6 13. Qc2 Qd7 14. Nf1 Rd8 15. b5 Ne7 16. bxa6 bxa6 17. d4 Ng6 18. Ng3 Ree8 19. Be3 c6 20. Rab1 Rb8 21. Qd3 exd4 22. cxd4 Rxb1 23. Rxb1 Qc8 24. Nd2 c5 25. Nc4 Qc6 26. d5 Qc7 27. f3 Rd8 28. Qc3 Ne8 29. Nf5 f6 30. Qa5 Qc8 31. h4 h5 32. Qc3 Kh7 33. Bf2 Ne5 34. Bg3 g6 35. Nfe3 Qd7 36. Qa5 Qc8 37. Kh2 Rd7 38. f4 Nxc4 39. Nxc4 Re7 40. e5 fxe5 41. fxe5 dxe5 42. d6 Re6 43. Rf1 Kg8 44. Qd2 Qd7 45. Qd5 Bb8 46. Bxe5 Bxd6 47. Nxd6 Nxd6 48. Rf6 1-0

[Event "GER-ch (Women)"]
[Site "Magdeburg"]
[Date "2021.07.25"]
[Round "1"]
[White "Von Herman, Brigitte"]
[Black "Pohle, Saskia"]
[Result "1/2-1/2"]
[WhiteElo "1991"]
[BlackElo "1755"]
[PlyCount "88"]
[EventDate "2021.07.25"]
[EventType "swiss"]
[EventRounds "9"]
[EventCountry "GER"]
[SourceTitle "CBM 203 Extra"]
[Source "ChessBase"]
[SourceDate "2021.09.30"]
[SourceVersion "1"]
[SourceVersionDate "2021.09.30"]
[SourceQuality "1"]

1. e4 e5 2. Nf3 Nc6 3. Bc4 Nf6 4. d3 Be7 5. 0-0 0-0 6. Re1 d6 7. a4 Na5 8. Ba2 c5 9. c3 Nc6 10. Nbd2 Be6 11. Nc4 h6 12. h3 a6 13. Bb1 Re8 14. Qe2 Bf8 15. Bc2 Qc7 16. Nh4 d5 17. Ne3 d4 18. Nef5 dxc3 19. bxc3 Red8 20. Be3 Rd7 21. Rab1 Rad8 22. Qf3 Qa5 23. Nxh6+ gxh6 24. Qxf6 Bg7 25. Qf3 Qxc3 26. Rbc1 Nd4 27. Qd1 Nxc2 28. Rxc2 Qxd3 29. Qxd3 Rxd3 30. Rxc5 Ra3 31. a5 Rc8 32. Rxc8+ Bxc8 33. Bb6 Rd3 34. Rc1 Bd7 35. Rc7 Rd1+ 36. Kh2 Bc6 37. f3 Rd7 38. Rc8+ Kh7 39. Nf5 Bf6 40. h4 Rd2 41. Rc7 Rd7 42. Rc8 Rd2 43. Kh3 Rd3 44. Kh2 Rd2 1/2-1/2

[Event "Titled Tuesday intern op 13th July"]
[Site "Chess.com INT"]
[Date "2021.07.13"]
[Round "3"]
[White "Von Herman, Brigitte"]
[Black "Li, Hui"]
[Result "1/2-1/2"]
[WhiteElo "1991"]
[BlackElo "2001"]
[PlyCount "107"]
[EventDate "2021.07.13"]
[EventType "swiss (blitz)"]
[EventRounds "11"]
[EventCountry "USA"]
[SourceTitle "CBM 203 Extra"]
[Source "ChessBase"]
[SourceDate "2021.09.30"]
[SourceVersion "1"]
[SourceVersionDate "2021.09.30"]
[SourceQuality "1"]

1. e4 e5 2. Nf3 Nf6 3. Nxe5 d6 4. Nf3 Nxe4 5. Nc3 Nxc3 6. dxc3 Be7 7. Bf4 Nc6 8. Qd2 Be6 9. 0-0-0 Qd7 10. Kb1 0-0-0 11. h3 Kb8 12. Nd4 Nxd4 13. cxd4 d5 14. Bd3 Bf6 15. c3 Bf5 16. Rhe1 Rhe8 17. g4 Bxd3+ 18. Qxd3 g6 19. Qd2 h5 20. f3 b6 21. Rxe8 Rxe8 22. Re1 Kb7 23. Rxe8 Qxe8 24. Qe3 Qxe3 25. Bxe3 Kc6 26. Kc2 Kd7 27. Kd3 c6 28. b3 Bg7 29. Bf4 Ke6 30. Bb8 a6 31. Bc7 b5 32. Bd8 Bh6 33. Bh4 Bf4 34. Bd8 Bd6 35. Bh4 hxg4 36. hxg4 f5 37. Bd8 Bg3 38. Bg5 Bd6 39. Bd8 Kd7 40. Bg5 Bg3 41. Bf6 Ke6 42. Bd8 Bf4 43. Bh4 Bc7 44. Bg5 Kd7 45. Bf6 Bf4 46. Bh4 Ke6 47. Bd8 Bd6 48. Bg5 Kd7 49. Bh6 Ke6 50. Bg5 Bf8 51. Bd8 Bh6 52. Bh4 Bf4 53. Bd8 Bd6 54. Bg5 1/2-1/2

[Event "Titled Tuesday intern op 15th June"]
[Site "Chess.com INT"]
[Date "2021.06.15"]
[Round "9"]
[White "Von Herman, Brigitte"]
[Black "Tsukerman, Julia"]
[Result "0-1"]
[WhiteElo "1991"]
[BlackElo "1523"]
[PlyCount "140"]
[EventDate "2021.06.15"]
[EventType "swiss (blitz)"]
[EventRounds "11"]
[EventCountry "USA"]
[SourceTitle "CBM 203 Extra"]
[Source "ChessBase"]
[SourceDate "2021.09.30"]
[SourceVersion "1"]
[SourceVersionDate "2021.09.30"]
[SourceQuality "1"]

1. e4 c5 2. c3 d5 3. exd5 Qxd5 4. d4 Nf6 5. Nf3 Bg4 6. dxc5 Qxd1+ 7. Kxd1 e6 8. b4 Bxf3+ 9. gxf3 a5 10. a3 axb4 11. cxb4 Nc6 12. Bb5 Kd7 13. Bb2 Be7 14. Kc2 Kc7 15. Rd1 Rad8 16. Bxc6 bxc6 17. Nc3 Rhg8 18. Ne4 Nd5 19. Kb3 f6 20. Kc4 Nf4 21. a4 f5 22. Ng3 Bf6 23. Bxf6 gxf6 24. b5 h5 25. b6+ Kb7 26. a5 Ka6 27. Rd6 Rc8 28. Kb4 h4 29. Nf1 Rgd8 30. Rad1 Nd5+ 31. Ka4 Rxd6 32. cxd6 Rd8 33. Rd3 Rxd6 34. Ne3 Rd8 35. Nc4 Nc3+ 36. Kb4 Rxd3 37. Nb2 Nd5+ 38. Kc4 Ra3 39. Nd3 Rxa5 40. Nc5+ Kxb6 41. Nd7+ Kc7 42. Nf8 e5 43. Ng6 Ra4+ 44. Kd3 Ra2 45. Nxh4 Rxf2 46. h3 Rh2 47. Nxf5 Rxh3 48. Ke4 Nc3+ 49. Ke3 Nd5+ 50. Ke4 c5 51. Ng7 c4 52. Ne6+ Kd6 53. Nd8 c3 54. Nb7+ Kc6 55. Na5+ Kb5 56. Nb3 c2 57. Nc1 Nb4 58. Ke3 Rh1 59. Nb3 Rc1 60. Nxc1 Kc4 61. Kd2 f5 62. Ne2 e4 63. fxe4 fxe4 64. Nc1 Kd4 65. Nb3+ Ke5 66. Nc1 Kf4 67. Ne2+ Kf3 68. Nd4+ Kf2 69. Ne2 e3+ 70. Kc1 Kxe2 0-1

[Event "Speed Chess (Women) Q7"]
[Site "Chess.com INT"]
[Date "2021.06.06"]
[Round "2"]
[White "Kazarian, Anna Maja"]
[Black "Von Herman, Brigitte"]
[Result "1-0"]
[WhiteElo "2096"]
[BlackElo "1991"]
[PlyCount "91"]
[EventDate "2021.06.06"]
[EventType "swiss (blitz)"]
[EventRounds "21"]
[EventCountry "USA"]
[SourceTitle "CBM 202 Extra"]
[Source "ChessBase"]
[SourceDate "2021.07.31"]
[SourceVersion "1"]
[SourceVersionDate "2021.07.31"]
[SourceQuality "1"]

1. e4 e5 2. Nf3 Nc6 3. Bc4 Nf6 4. d3 Bc5 5. 0-0 d6 6. c3 a6 7. Bb3 Ba7 8. Be3 h6 9. Bxa7 Nxa7 10. d4 Qe7 11. Nbd2 Nc6 12. Re1 g5 13. dxe5 dxe5 14. Nc4 Bg4 15. Ne3 Be6 16. Bxe6 fxe6 17. Nc4 Nd7 18. a4 0-0-0 19. Qc2 Rdf8 20. b4 Rxf3 21. gxf3 g4 22. fxg4 Rg8 23. Ne3 h5 24. f3 hxg4 25. fxg4 Qh4 26. Qg2 Nf6 27. h3 Ne7 28. Rf1 Ng6 29. g5 Nf4 30. Qh2 Nxe4 31. Ng4 Rxg5 32. Rxf4 exf4 33. Qxf4 Qxh3 34. Qf8+ Kd7 35. Rd1+ Nd6 36. Qf7+ Kc6 37. b5+ axb5 38. axb5+ Nxb5 39. Qd7+ Kb6 40. Rd4 Qg3+ 41. Kf1 Qf3+ 42. Ke1 Rxg4 43. Qxe6+ Nd6 44. Qxg4 Qxc3+ 45. Ke2 Qc2+ 46. Rd2 1-0

[Event "Speed Chess (Women) Q8"]
[Site "Chess.com INT"]
[Date "2021.06.06"]
[Round "1"]
[White "Kotepalli, Sai Nirupama"]
[Black "Von Herman, Brigitte"]
[Result "1-0"]
[WhiteElo "1914"]
[BlackElo "1991"]
[PlyCount "67"]
[EventDate "2021.06.06"]
[EventType "swiss (blitz)"]
[EventRounds "13"]
[EventCountry "USA"]
[SourceTitle "CBM 202 Extra"]
[Source "ChessBase"]
[SourceDate "2021.07.31"]
[SourceVersion "1"]
[SourceVersionDate "2021.07.31"]
[SourceQuality "1"]

1. e4 e5 2. d3 Bc5 3. g3 Nc6 4. Bg2 Nf6 5. Nf3 d5 6. Nbd2 dxe4 7. dxe4 0-0 8. 0-0 h6 9. h3 Qe7 10. Qe2 Re8 11. c3 a6 12. Kh2 Ba7 13. Nh4 Nh7 14. Nc4 Nd8 15. Ne3 c6 16. Nef5 Qf6 17. Qg4 Kh8 18. Qe2 Ne6 19. Nd6 Rd8 20. Nxc8 Raxc8 21. Nf5 Rd7 22. Qg4 Rcd8 23. h4 Nc5 24. Be3 b5 25. f4 exf4 26. Bxf4 Qg6 27. Qxg6 fxg6 28. Nd4 Rc8 29. Bh3 Nf6 30. e5 Nfe4 31. b4 Nd3 32. Bxd7 Rc7 33. e6 Bxd4 34. Bxc7 1-0

[Event "Speed Chess (Women) Q7"]
[Site "Chess.com INT"]
[Date "2021.06.06"]
[Round "11"]
[White "Mohota, Nisha"]
[Black "Von Herman, Brigitte"]
[Result "1-0"]
[WhiteElo "2195"]
[BlackElo "1991"]
[PlyCount "30"]
[EventDate "2021.06.06"]
[EventType "swiss (blitz)"]
[EventRounds "21"]
[EventCountry "USA"]
[SourceTitle "CBM 202 Extra"]
[Source "ChessBase"]
[SourceDate "2021.07.31"]
[SourceVersion "1"]
[SourceVersionDate "2021.07.31"]
[SourceQuality "1"]

1. b3 d5 2. Bb2 c6 3. e3 Nf6 4. f4 Bf5 5. Nf3 e6 6. Bd3 Nbd7 7. 0-0 Bd6 8. Nc3 0-0 9. Ne2 Ba3 10. Bxa3 Re8 11. Ng3 Bxd3 12. cxd3 Qa5 13. Bb2 c5 14. Ne5 Nf8 15. Nh5 N6d7 1-0